000 00627nam a2200229Ia 4500
003 OSt
005 20220918174514.0
006 a|||||r|||| 00| 0
007 ta
008 220917b |||||||| |||| 00| 0 eng d
024 _a12,568
037 _cTextual
040 _aARTS
_cARTS
_beng
041 _2eng
_aeng
082 _aMY92aN4, H6
100 _aSmith Bruce Lannes
_950757
245 0 _aPropaganda, communication and public opinion
_b a comprehensive reference guide
260 _c1946
650 _aINDUSTRIAL ARTS
942 _hMY92aN4, H6
_cTEXL
_2CC
999 _c153451
_d153451